000 00645nam a2200265Ia 4500
005 20260121170832.0
008 008 260114s9999 xx 000 0 eng d
020 _a9789811314117
037 _aEBOOK
040 _aCRL
040 _beng
040 _cCRL
041 _2eng
041 _aeng
084 _qCRL
100 _aDanielle Drozdzewski, Carolyn Birdsall
_91068744
245 0 _aDoing Memory Research
260 _bSpringer
260 _bSpringer
260 _c2019
856 _uhttps://link.springer.com/openurl?genre=book&isbn=978-981-13-1411-7
942 _cEBOOK
999 _c1634474
_d1634474